000 00613nam a2200193 u 4500
001 000002713
003 DO-SdBNP
005 20251106113413.0
008 090703s2001 dr d r 000 0 spa d
040 _aDO-SdBNP
_bspa
_cBNPHU
082 _a338.476336
_bM538m
100 1 _aMéndez B, José E
_98562
245 1 0 _aInvestigación documental :
_bel mercado mundial de azúcar y los bateyes dominicanos.
260 _aSanto Domingo :
_bBuho,
_c2001.
300 _a78 p ; :
_bdiagr. ;
_c22cm.
650 0 _aIndustria azucarera
_97298
650 0 _aIndustria azucarera
_zRepública Dominicana
_97298
942 _2ddc
_cLBS1
999 _c2549
_d2549